Introducción al estudio de los delitos contra el patrimonio económico / (Registro nro. 5960)

Detalles MARC
000 -LEADER
fixed length control field 00799nam a2200229Ia 4500
003 - CONTROL NUMBER IDENTIFIER
control field OSt
005 - DATE AND TIME OF LATEST TRANSACTION
control field 20200911131126.0
008 - FIXED-LENGTH DATA ELEMENTS--GENERAL INFORMATION
fixed length control field 191128s1980 ck fr 000 0 spa d
020 ## - INTERNATIONAL STANDARD BOOK NUMBER
International Standard Book Number 8482721496
040 ## - CATALOGING SOURCE
Original cataloging agency CO-JMCR
Transcribing agency CO-JMCR
041 0# - LANGUAGE CODE
Language code of text/sound track or separate title spa
082 04 - DEWEY DECIMAL CLASSIFICATION NUMBER
Classification number 364.16 /
Item number M177i
Edition number 23
100 1# - MAIN ENTRY--PERSONAL NAME
Personal name Martínez Zúñiga, Lisandro,
Relator term autor
9 (RLIN) 10180
245 10 - TITLE STATEMENT
Title Introducción al estudio de los delitos contra el patrimonio económico /
Statement of responsibility, etc. Lisandro Martínez Zúñiga
260 ## - PUBLICATION, DISTRIBUTION, ETC.
Place of publication, distribution, etc. Bogotá :
Name of publisher, distributor, etc. Temis,
Date of publication, distribution, etc. 1980
300 ## - PHYSICAL DESCRIPTION
Extent ix, 161 páginas ;
Dimensions 18 cm.
490 0# - SERIES STATEMENT
Series statement Monografías Jurídicas ;
Volume/sequential designation 13
505 0# - FORMATTED CONTENTS NOTE
Formatted contents note Desde el punto de vista civil -- Desde el punto de vista penal -- Las aguas
650 14 - SUBJECT ADDED ENTRY--TOPICAL TERM
Topical term or geographic name entry element Delitos contra el patrimonio
9 (RLIN) 8494
650 14 - SUBJECT ADDED ENTRY--TOPICAL TERM
Topical term or geographic name entry element Delitos contra la propiedad
9 (RLIN) 8296
942 ## - ADDED ENTRY ELEMENTS (KOHA)
Source of classification or shelving scheme Dewey Decimal Classification
Koha item type Books
Existencias
Withdrawn status Lost status Source of classification or shelving scheme Damaged status Not for loan Collection code Home library Current library Date acquired Source of acquisition Full call number Barcode Date last seen Copy number Koha item type
    Dewey Decimal Classification     Non-fiction Biblioteca Pública José María del Castillo y Rada Biblioteca Pública José María del Castillo y Rada 04/15/2018 Donación 364.16 / M177i 430011286 05/16/2024 Ej.1 Books